00323nam a22000857a 4500008004100000010001500041245013700056260000900193500003500202110628t xxu||||| |||| 00| 0 eng d aHCMA F-107 aThe Court Miscellaneseous Application Number 318 of 2006 Standard Chartered Bank of Uganda Ltd. Vs Ben Kavuya Barclays Bank (U) Ltd. c2006 aBefore: Ag. Judge Remmy Kasule